000
00242nam a22000977a 4500
008
170126b xxu||||| |||| 00| 0 eng d
041
_a
eng
080
_a
61
245
_a
TECHNIQUE OF INTERNAL FIXATION OF FRACTURES
_c
MULLER, M.E
942
_2
udc
_c
BK
999
_c
3776
_d
3776